[Event "DEM U10/U10w 2003"]
[Site "Willingen GER"]
[Date "2003.06.11"]
[Round "7"]
[White "Berchtenbreiter, Maximilian"]
[Black "Osmanodja, Filiz"]
[Result "0-1"]
[Termination "normal"]
[Board "16"]
[WhiteElo "1282"]
[BlackElo "1051"]
[PlyCount "117"]
[WhiteFideId "24641120"]
[BlackFideId "24633569"]
[EventCountry "GER"]
[EventRounds "11"]
[EventType "swiss"]
[EventDate "2003.06.07"]

1. c4 e5 2. Nc3 Nf6 3. e4 Nc6 4. f4 exf4 5. d4 d6 6. Bxf4 g6 7. Nf3 Bg7 8. d5
Ne7 9. Qd2 O-O 10. Bd3 c6 11. c5 cxd5 12. cxd6 Nc6 13. exd5 Nb4 14. Bg5 Nxd3+
15. Qxd3 Qxd6 16. O-O-O Bf5 17. Qb5 Rab8 18. Nd4 Bd7 19. Qb3 a6 20. Kb1 b5 21.
g3 Qc5 22. Rhe1 Rbe8 23. Be3 Qd6 24. Bf4 Qb6 25. Na4 Qa7 26. Nc3 Rxe1 27. Rxe1
Qxd4 28. d6 Bf5+ 29. Ka1 Qc4 30. Qd1 Be6 31. a3 Ng4 32. Rxe6 Qxe6 33. Ne2 Qf6
34. Nc3 Bh6 35. Qxg4 Bxf4 36. Qxf4 Qxf4 37. gxf4 Rd8 38. Ne4 f5 39. Nf6+ Kg7
40. Nd5 Rxd6 41. Nc7 Kf7 42. Kb1 Ke7 43. Kc2 Rc6+ 44. Kb3 Rxc7 45. Kb4 Rc4+ 46.
Ka5 Rc6 47. a4 bxa4 48. Kxa4 Rc4+ 49. Ka5 Rxf4 50. Kxa6 Re4 51. Kb5 f4 52. b4
f3 53. Kc5 f2 54. b5 f1=Q 55. b6 Qf5+ 56. Kc6 Re6+ 57. Kc7 Qc5+ 58. Kb7 Rxb6+
59. Ka7 0-1

[Event "DEM U10/U10w 2003"]
[Site "Willingen GER"]
[Date "2003.06.11"]
[Round "7"]
[White "Schätz, Annika"]
[Black "Wittke, René"]
[Result "0-1"]
[Termination "normal"]
[Board "19"]
[WhiteElo "1037"]
[BlackElo "1438"]
[PlyCount "68"]
[WhiteFideId "24674796"]
[BlackFideId "24640255"]
[EventCountry "GER"]
[EventRounds "11"]
[EventType "swiss"]
[EventDate "2003.06.07"]

1. e4 e5 2. Nf3 Nc6 3. Bc4 Bc5 4. b4 Bxb4 5. c3 Ba5 6. d4 exd4 7. O-O d6 8. Qb3
Be6 9. Bxe6 fxe6 10. Qxe6+ Qe7 11. Qxe7+ Ngxe7 12. cxd4 O-O-O 13. Bf4 Rhf8 14.
Bg3 h6 15. Na3 g5 16. Rac1 g4 17. Nh4 Nxd4 18. Kh1 d5 19. e5 Ne6 20. Nb5 a6 21.
Nd6+ Kb8 22. Nxb7 Kxb7 23. Rb1+ Ka8 24. Rb3 Rb8 25. Rfb1 Bb6 26. Ra3 Ka7 27.
Rb4 Nc5 28. Bf4 Ba5 29. Rxb8 Rxb8 30. g3 Bb4 31. Re3 d4 32. Re2 d3 33. Rb2 Na4
34. Rb1 d2 0-1

[Event "DEM U10/U10w 2003"]
[Site "Willingen GER"]
[Date "2003.06.11"]
[Round "7"]
[White "Wapenhans, Martin"]
[Black "Rösch, Daniel"]
[Result "0-1"]
[Termination "normal"]
[Board "20"]
[WhiteElo "1288"]
[BlackElo "1093"]
[PlyCount "84"]
[EventCountry "GER"]
[EventRounds "11"]
[EventType "swiss"]
[EventDate "2003.06.07"]

1. e4 e5 2. Nf3 Nc6 3. d4 exd4 4. Nxd4 Bc5 5. Be3 Qf6 6. c3 Nge7 7. Bb5 a6 8.
Bxc6 Nxc6 9. O-O Qg6 10. Bf4 d6 11. Bg3 O-O 12. Re1 Re8 13. Qd3 Bb6 14. Nd2 Bd7
15. Nxc6 Bxc6 16. Qc4 Re7 17. Kh1 Rae8 18. f3 Qg5 19. Re2 Bb5 20. Qd5 Qxd5 21.
exd5 Rxe2 22. a4 Rxd2 23. axb5 axb5 24. h3 h6 25. b3 Rb2 26. b4 Ree2 27. Re1
Rxe1+ 28. Bxe1 Rb1 29. Kh2 Rxe1 30. g3 Re3 31. Kg2 Rxc3 32. g4 c5 33. dxc6 bxc6
34. h4 Re3 35. Kg3 d5 36. g5 h5 37. g6 d4 38. gxf7+ Kxf7 39. Kh2 d3 40. Kg2 d2
41. Kh3 d1=Q 42. Kh2 Rb3 0-1

[Event "DEM U10/U10w 2003"]
[Site "Willingen GER"]
[Date "2003.06.11"]
[Round "7"]
[White "Eimer, Matthias"]
[Black "Schäfer, Simon"]
[Result "0-1"]
[Termination "normal"]
[Board "21"]
[WhiteElo "1261"]
[BlackElo "1059"]
[PlyCount "98"]
[EventCountry "GER"]
[EventRounds "11"]
[EventType "swiss"]
[EventDate "2003.06.07"]

1. e4 c5 2. Nf3 d6 3. Bc4 Nc6 4. Nc3 Nf6 5. d3 e6 6. Bg5 Be7 7. Qd2 Qc7 8. O-O
O-O 9. Qf4 a6 10. Rfe1 Bd7 11. Qg3 Rfe8 12. e5 dxe5 13. Nxe5 Nxe5 14. Rxe5 Nh5
15. Qe3 f6 16. Bxf6 Nxf6 17. Rg5 Bd6 18. Qf3 Rf8 19. Qh3 Rae8 20. Ne4 Nxe4 21.
dxe4 b5 22. Be2 e5 23. Qh5 Be6 24. Rd1 Rd8 25. b3 Qf7 26. Qxf7+ Rxf7 27. Rxe5
Bxe5 28. Rxd8+ Rf8 29. Rd1 Bd4 30. Rf1 c4 31. Kh1 Rxf2 32. Rxf2 Bxf2 33. bxc4
Bxc4 34. Bxc4+ bxc4 35. g4 g5 36. h3 Kf7 37. Kg2 Be3 38. Kf3 Bf4 39. Ke2 Ke6
40. Kf3 h6 41. Ke2 Ke5 42. Kf3 Kd4 43. h4 Kc3 44. hxg5 hxg5 45. Ke2 Kxc2 46. a3
Kb2 47. Kd1 c3 48. a4 c2+ 49. Ke2 c1=Q 0-1

[Event "DEM U10/U10w 2003"]
[Site "Willingen GER"]
[Date "2003.06.11"]
[Round "7"]
[White "Noe, Christopher"]
[Black "Mirke, Roy"]
[Result "1-0"]
[Termination "normal"]
[Board "25"]
[WhiteElo "1165"]
[BlackElo "855"]
[PlyCount "85"]
[WhiteFideId "24692018"]
[BlackFideId "24647306"]
[EventCountry "GER"]
[EventRounds "11"]
[EventType "swiss"]
[EventDate "2003.06.07"]

1. e4 d5 2. exd5 Qxd5 3. Nc3 Qa5 4. Nf3 Bf5 5. Bc4 Nf6 6. d3 c6 7. Bd2 Qc7 8.
O-O Nbd7 9. Nd4 Bg4 10. Nde2 e6 11. f3 Bf5 12. Ng3 Bd6 13. Be1 O-O-O 14. Bf2 h6
15. Re1 g5 16. Bxa7 Bxg3 17. hxg3 Ne5 18. Bb5 cxb5 19. Nxb5 Qa5 20. Rxe5 Qb4
21. Bb6 Rd7 22. Rc5+ Kb8 23. Qe2 Qxb2 24. Re1 Re7 25. Qf2 Nd7 26. Bc7+ Ka8 27.
Rxf5 b6 28. Be5 Qxb5 29. Bxh8 Qxf5 30. Bd4 Qb5 31. a4 Qb4 32. Re4 Qb1+ 33. Kh2
e5 34. a5 Re6 35. Be3 f6 36. Rc4 Kb7 37. Qd2 Qb5 38. axb6 Nxb6 39. Rb4 Qe8 40.
c4 Kc7 41. Rxb6 Rxb6 42. Qa5 Qb8 43. c5 1-0

[Event "DEM U10/U10w 2003"]
[Site "Willingen GER"]
[Date "2003.06.11"]
[Round "7"]
[White "Braun, Viktoria"]
[Black "Begeluri, Nino"]
[Result "1-0"]
[Termination "normal"]
[Board "27"]
[WhiteElo "1088"]
[BlackElo "1152"]
[PlyCount "123"]
[EventCountry "GER"]
[EventRounds "11"]
[EventType "swiss"]
[EventDate "2003.06.07"]

1. e4 c5 2. c3 Nc6 3. d4 cxd4 4. cxd4 e6 5. d5 exd5 6. exd5 Nce7 7. d6 Nc6 8.
Qe2+ Nge7 9. dxe7 Bxe7 10. Bf4 Nd4 11. Qd2 Bb4 12. Nc3 Ne6 13. Bd6 Bxd6 14.
Qxd6 Qc7 15. Qxc7 Nxc7 16. Nf3 O-O 17. Be2 d6 18. O-O Be6 19. Nb5 Nxb5 20. Bxb5
a6 21. Bd3 b5 22. b3 d5 23. Rfe1 Rad8 24. Ng5 Rfe8 25. Bxh7+ Kf8 26. Bg6 d4 27.
Nxe6+ Rxe6 28. Rxe6 fxe6 29. Re1 Ke7 30. h4 Kf6 31. h5 e5 32. f3 Kg5 33. Kf2
Kf6 34. g3 Ke6 35. b4 Kd5 36. Bf7+ Kc6 37. Ke2 Kb6 38. Kd3 Rd7 39. Bb3 a5 40.
bxa5+ Kxa5 41. Rf1 Kb4 42. Rh1 Rc7 43. Re1 Rc3+ 44. Ke2 Re3+ 45. Kf2 Rxe1 46.
Kxe1 Kc5 47. g4 Kd6 48. g5 Ke7 49. Kd2 b4 50. Kd3 Kd6 51. h6 gxh6 52. gxh6 Ke7
53. h7 Kf6 54. h8=Q+ Kf5 55. Qf8+ Kg6 56. Qf7+ Kg5 57. Ke4 Kh4 58. Qg6 Kh3 59.
f4 exf4 60. Kf3 d3 61. Qg4+ Kh2 62. Qg2# 1-0

[Event "DEM U10/U10w 2003"]
[Site "Willingen GER"]
[Date "2003.06.11"]
[Round "7"]
[White "Rosenburg, Thies"]
[Black "Dünzel, Jonas"]
[Result "0-1"]
[Termination "normal"]
[Board "28"]
[WhiteElo "1052"]
[BlackElo "1230"]
[PlyCount "104"]
[BlackFideId "24631167"]
[EventCountry "GER"]
[EventRounds "11"]
[EventType "swiss"]
[EventDate "2003.06.07"]

1. e4 c5 2. Nf3 d6 3. c3 e5 4. Bc4 Be7 5. d3 Nf6 6. h3 a6 7. Bg5 h6 8. Bxf6
Bxf6 9. Nbd2 Bd7 10. a3 Bc6 11. Qe2 b5 12. Bd5 Bxd5 13. exd5 O-O 14. O-O Re8
15. Rac1 Nd7 16. b3 a5 17. c4 b4 18. a4 Bg5 19. Nxg5 Qxg5 20. Nf3 Qd8 21. Nd2
Nf6 22. Ne4 Ra7 23. Qf3 Nh7 24. Rcd1 Ng5 25. Qg3 Nh7 26. Rde1 f5 27. Nd2 Qf6
28. f4 Rf7 29. Nf3 e4 30. dxe4 Rxe4 31. Rxe4 fxe4 32. Nd2 Qd4+ 33. Kh1 Qxd2 34.
Qg6 Nf6 35. Qg3 Qd3 36. Qxd3 exd3 37. Rd1 Ne4 38. Rxd3 Nf2+ 39. Kh2 Nxd3 40. g3
Nxf4 41. gxf4 Rxf4 42. Kg3 Rd4 43. Kf2 Rd3 44. Ke2 Rxb3 45. h4 g5 46. hxg5 hxg5
47. Kf2 Rc3 48. Ke2 b3 49. Kd2 Rc2+ 50. Kd1 g4 51. Ke1 b2 52. Kd1 b1=Q# 0-1

[Event "DEM U10/U10w 2003"]
[Site "Willingen GER"]
[Date "2003.06.11"]
[Round "7"]
[White "Khitov, Roman"]
[Black "Dürre, Gregor"]
[Result "1/2-1/2"]
[Termination "normal"]
[Board "29"]
[WhiteElo "948"]
[BlackElo "1208"]
[PlyCount "57"]
[EventCountry "GER"]
[EventRounds "11"]
[EventType "swiss"]
[EventDate "2003.06.07"]

1. e4 c5 2. Nf3 Nc6 3. d4 cxd4 4. Nxd4 e5 5. Nxc6 bxc6 6. Nc3 Bb4 7. Bd2 Bb7 8.
a3 Ba5 9. b4 Bb6 10. Qf3 Nf6 11. Bg5 h6 12. Bxf6 Qxf6 13. Qxf6 gxf6 14. a4 Bd4
15. Ra3 d5 16. Bd3 Rg8 17. O-O Bc8 18. g3 Bb7 19. b5 Rd8 20. Ne2 Bb6 21. c4 d4
22. f4 Bc5 23. Rb3 Ke7 24. f5 Rb8 25. Rfb1 Bb6 26. Nc1 Rg4 27. Na2 c5 28. Nc1
Ba5 29. Ne2 1/2-1/2

[Event "DEM U10/U10w 2003"]
[Site "Willingen GER"]
[Date "2003.06.11"]
[Round "7"]
[White "Sohl, Thies"]
[Black "Spangenberg, Pia"]
[Result "0-1"]
[Termination "normal"]
[Board "32"]
[WhiteElo "908"]
[BlackElo "1089"]
[PlyCount "30"]
[BlackFideId "4627989"]
[EventCountry "GER"]
[EventRounds "11"]
[EventType "swiss"]
[EventDate "2003.06.07"]

1. b3 e5 2. Bb2 Nc6 3. e3 d5 4. Bb5 Bd6 5. Nf3 Qf6 6. O-O Nge7 7. d3 O-O 8.
Nbd2 Bg4 9. h3 Bh5 10. c4 d4 11. exd4 exd4 12. Qc2 Qf4 13. Bc1 Ne5 14. Ne4
Nxf3+ 15. gxf3 Qh2# 0-1

[Event "DEM U10/U10w 2003"]
[Site "Willingen GER"]
[Date "2003.06.11"]
[Round "7"]
[White "Penner, Markus"]
[Black "Thiele, Eileen"]
[Result "0-1"]
[Termination "normal"]
[Board "34"]
[WhiteElo "1211"]
[BlackElo "695"]
[PlyCount "68"]
[EventCountry "GER"]
[EventRounds "11"]
[EventType "swiss"]
[EventDate "2003.06.07"]

1. e4 e5 2. d4 exd4 3. Qxd4 Nc6 4. Qe3 Nf6 5. Bc4 d6 6. Nc3 Be6 7. Nd5 Be7 8.
h3 a6 9. f4 b5 10. Bb3 a5 11. f5 Bd7 12. Nxe7 Qxe7 13. Bd5 Nxd5 14. exd5 Ne5
15. g4 Qh4+ 16. Qf2 Qxf2+ 17. Kxf2 Rc8 18. Bf4 c6 19. dxc6 Bxc6 20. Rh2 Be4 21.
Re1 Rc4 22. c3 Nd3+ 23. Kf1 Nxe1 24. Kxe1 d5 25. Re2 O-O 26. Bd6 Rd8 27. Be5
Bd3 28. Rd2 Re4+ 29. Kd1 Bc4 30. Bc7 Rd7 31. Bxa5 Bxa2 32. Nf3 Bb3+ 33. Kc1 Re3
34. Nd4 Re1+ 0-1

[Event "DEM U10/U10w 2003"]
[Site "Willingen GER"]
[Date "2003.06.11"]
[Round "7"]
[White "Bräuer, Franz"]
[Black "Spangenberg, Romy"]
[Result "1-0"]
[Termination "normal"]
[Board "35"]
[WhiteElo "1085"]
[BlackElo "833"]
[PlyCount "55"]
[WhiteFideId "24634468"]
[BlackFideId "4627997"]
[EventCountry "GER"]
[EventRounds "11"]
[EventType "swiss"]
[EventDate "2003.06.07"]

1. e4 c5 2. Nf3 Nc6 3. d4 cxd4 4. Nxd4 d6 5. Nc3 Nf6 6. Be3 Bd7 7. f3 a6 8. Qd2
e5 9. Nde2 Be6 10. O-O-O Be7 11. Nd5 Nxd5 12. exd5 Bf5 13. dxc6 bxc6 14. g4 Bg6
15. Kb1 a5 16. Bg2 a4 17. Bf2 d5 18. h4 h6 19. h5 Bh7 20. Qc3 a3 21. Qxc6+ Kf8
22. Rxd5 Qb8 23. b3 f6 24. Bc5 Bxc5 25. Qxc5+ Kf7 26. Rd7+ Kg8 27. Qc4+ Kf8 28.
Qf7# 1-0

[Event "DEM U10/U10w 2003"]
[Site "Willingen GER"]
[Date "2003.06.11"]
[Round "7"]
[White "Muschak, Theresia"]
[Black "Rosenburg, Hauke"]
[Result "1-0"]
[Termination "normal"]
[Board "39"]
[WhiteElo "860"]
[BlackElo "908"]
[PlyCount "73"]
[EventCountry "GER"]
[EventRounds "11"]
[EventType "swiss"]
[EventDate "2003.06.07"]

1. e4 d5 2. exd5 Qxd5 3. Nc3 Qd8 4. d4 Nf6 5. Nf3 Bg4 6. h3 Bxf3 7. Qxf3 c6 8.
Bg5 e6 9. a3 Be7 10. Bd3 Nbd7 11. O-O Qb6 12. Ne2 Qa5 13. Bxf6 Nxf6 14. b4 Qc7
15. Qg3 Bd6 16. Qxg7 Rf8 17. Qxf6 Rd8 18. g3 Be7 19. Qf4 Bd6 20. Qf3 Qb8 21. c4
Bc7 22. c5 Rh8 23. Qf6 Kd7 24. Qxf7+ Kc8 25. Qxe6+ Rd7 26. Bf5 Rhd8 27. d5 Qa8
28. dxc6 bxc6 29. Rad1 Kb7 30. Rxd7 Rxd7 31. Qxd7 Qb8 32. Qxh7 Qe8 33. Nd4 Qe5
34. Ne6 a6 35. Nxc7 Qxc7 36. Qxc7+ Kxc7 37. h4 1-0

[Event "DEM U10/U10w 2003"]
[Site "Willingen GER"]
[Date "2003.06.11"]
[Round "7"]
[White "Rösiger, Christina"]
[Black "Bauer, Julia"]
[Result "1-0"]
[Termination "normal"]
[Board "45"]
[WhiteElo "885"]
[BlackElo "812"]
[PlyCount "61"]
[EventCountry "GER"]
[EventRounds "11"]
[EventType "swiss"]
[EventDate "2003.06.07"]

1. e4 e5 2. Nf3 Nf6 3. Nc3 d5 4. Be2 d4 5. Na4 Ng4 6. O-O Bd7 7. b3 Nc6 8. c3
dxc3 9. dxc3 Qf6 10. b4 Qh6 11. Bxh6 gxh6 12. Nc5 Bxc5 13. bxc5 O-O-O 14. Bc4
Be6 15. Qb3 Na5 16. Bxe6+ fxe6 17. Qxe6+ Kb8 18. Qxg4 Rhg8 19. Qh4 Rd7 20. Qxh6
Rgd8 21. Nxe5 Re7 22. Nf3 Red7 23. Ne5 Re7 24. Qh5 h6 25. Rad1 Rde8 26. Nd3 Rd8
27. Nf4 Rde8 28. Nd5 Rd8 29. Nxe7 a6 30. Rxd8+ Ka7 31. Qe5 1-0

[Event "DEM U10/U10w 2003"]
[Site "Willingen GER"]
[Date "2003.06.12"]
[Round "8"]
[White "Zelbel, Patrick"]
[Black "Jussupow, Alexander"]
[Result "1-0"]
[Termination "normal"]
[Board "1"]
[WhiteElo "1595"]
[BlackElo "1605"]
[PlyCount "51"]
[WhiteFideId "24624322"]
[BlackFideId "24613509"]
[EventCountry "GER"]
[EventRounds "11"]
[EventType "swiss"]
[EventDate "2003.06.07"]

1. e4 c5 2. Nf3 d6 3. c3 Nf6 4. Be2 g6 5. O-O Bg7 6. Re1 O-O 7. Bf1 Nc6 8. d4
cxd4 9. Nxd4 d5 10. Nxc6 bxc6 11. exd5 cxd5 12. Bf4 Bf5 13. Na3 Ne4 14. Qb3 e5
15. Be3 Rb8 16. Qc2 d4 17. cxd4 exd4 18. Bf4 d3 19. Qxd3 Rxb2 20. Qxd8 Rxd8 21.
Red1 Rxd1 22. Rxd1 Rxf2 23. Rd8+ Bf8 24. Bh6 Rxf1+ 25. Kxf1 Nd2+ 26. Kg1 1-0

[Event "DEM U10/U10w 2003"]
[Site "Willingen GER"]
[Date "2003.06.12"]
[Round "8"]
[White "Wilke, Friedrich"]
[Black "Mihok, Oliver"]
[Result "0-1"]
[Termination "normal"]
[Board "2"]
[WhiteElo "1340"]
[BlackElo "1913"]
[PlyCount "94"]
[BlackFideId "728012"]
[EventCountry "GER"]
[EventRounds "11"]
[EventType "swiss"]
[EventDate "2003.06.07"]

1. b3 e5 2. Bb2 Nc6 3. g3 d5 4. Bg2 Be6 5. Nf3 Bd6 6. d3 f5 7. Nbd2 Nf6 8. Ng5
Bd7 9. c4 d4 10. O-O h6 11. Ngf3 Qe7 12. Qc1 O-O-O 13. a3 g5 14. b4 b6 15. Nb3
Qe6 16. Qc2 Be7 17. b5 Na5 18. Nxa5 bxa5 19. Qa4 g4 20. Nh4 Qb6 21. Ng6 Rhe8
22. Nxe5 Bd6 23. Nf7 Rxe2 24. Nxd8 Kxd8 25. Qb3 a4 26. Qd1 Rxb2 27. Qc1 Re2 28.
Qxh6 Ne8 29. Qc1 Re7 30. Qc2 Rh7 31. Qxa4 Bc5 32. Rfe1 Qh6 33. Qa6 Qxa6 34.
bxa6 Rh6 35. Bb7 Rb6 36. a4 Rb3 37. Rad1 Nd6 38. Re5 Ba3 39. Ra1 Rxd3 40. c5
Nc4 41. Rd5 Ke7 42. Re1+ Be6 43. Bc8 Re3 44. Rxe3 dxe3 45. Bxe6 e2 46. Kg2 Kxe6
47. Rd3 e1=Q 0-1

[Event "DEM U10/U10w 2003"]
[Site "Willingen GER"]
[Date "2003.06.12"]
[Round "8"]
[White "Lobmeyer, Fabian"]
[Black "Giesler, Julius"]
[Result "0-1"]
[Termination "normal"]
[Board "3"]
[WhiteElo "1316"]
[BlackElo "1243"]
[PlyCount "118"]
[WhiteFideId "24659681"]
[EventCountry "GER"]
[EventRounds "11"]
[EventType "swiss"]
[EventDate "2003.06.07"]

1. d4 d5 2. c4 e6 3. Nc3 c5 4. cxd5 exd5 5. dxc5 d4 6. Ne4 Nc6 7. Bd2 f5 8. Ng3
Nf6 9. Qc2 Qd5 10. e3 Bxc5 11. Qc4 Ne5 12. Qxd5 Nxd5 13. Bb5+ Kf8 14. e4 Nc7
15. Ba4 Nd3+ 16. Ke2 Nxb2 17. Bb3 d3+ 18. Ke1 b5 19. Bc3 Nc4 20. Nxf5 Bxf5 21.
exf5 Re8+ 22. Kf1 Nd5 23. Bxc4 bxc4 24. Ba5 c3 25. Rd1 c2 26. Ra1 Bb4 27. Bxb4+
Nxb4 28. Nf3 Nxa2 29. g3 c1=Q+ 30. Rxc1 Nxc1 31. Kg2 Nb3 32. Rd1 d2 33. Kf1 Kf7
34. g4 Rc8 35. Ke2 Rhe8+ 36. Kd3 Rc1 37. Ng5+ Kg8 38. Rxd2 Rd8+ 39. Ke3 Rxd2
40. Ne6 Re1+ 41. Kf3 Nd4+ 42. Nxd4 Rxd4 43. Kg3 Rg1+ 44. Kf3 Rdxg4 45. h3 Rh4
46. Ke3 Rxh3+ 47. Kf4 g5+ 48. Ke4 Rf1 49. f3 Rhxf3 50. Kd4 Rxf5 51. Ke4 Rf7 52.
Ke3 Re1+ 53. Kd2 Re8 54. Kd3 Rd7+ 55. Kc4 Rc8+ 56. Kb5 Rd6 57. Kb4 Rb6+ 58. Ka5
Rc1 59. Ka4 Ra1# 0-1

[Event "DEM U10/U10w 2003"]
[Site "Willingen GER"]
[Date "2003.06.12"]
[Round "8"]
[White "Billing, Alexander"]
[Black "Gadschisade, Machmud"]
[Result "1-0"]
[Termination "normal"]
[Board "4"]
[WhiteElo "1333"]
[BlackElo "1428"]
[PlyCount "119"]
[WhiteFideId "24624420"]
[BlackFideId "4647734"]
[EventCountry "GER"]
[EventRounds "11"]
[EventType "swiss"]
[EventDate "2003.06.07"]

1. d4 Nf6 2. c4 g6 3. Nc3 Bg7 4. e4 d6 5. Nf3 O-O 6. Be2 c5 7. d5 Qa5 8. Bd2
Qb6 9. Qc2 Nbd7 10. a3 h6 11. b4 Qa6 12. b5 Qb6 13. Ra2 a6 14. a4 Kh7 15. O-O
Nb8 16. a5 Qd8 17. b6 e6 18. Re1 exd5 19. exd5 Bf5 20. Bd3 Bxd3 21. Qxd3 Re8
22. Rxe8 Qxe8 23. Qe3 Qxe3 24. Bxe3 Ng4 25. Ne4 Nxe3 26. fxe3 Bf8 27. Nf6+ Kg7
28. Ne8+ Kg8 29. Nc7 Nd7 30. Nxa8 h5 31. Rf2 Bh6 32. e4 Be3 33. Kf1 Bxf2 34.
Kxf2 Kg7 35. Nc7 Kf6 36. h4 Ke7 37. Ke3 Nf6 38. Kf4 Nd7 39. e5 Nf8 40. g3 Nd7
41. exd6+ Kxd6 42. Nd2 Ke7 43. Ne4 f5 44. Ng5 Nf6 45. Nge6 Ne4 46. Nxa6 Nd6 47.
Naxc5 Nxc4 48. Nxb7 g5+ 49. Nxg5 Ne3 50. Kxe3 f4+ 51. gxf4 Kd7 52. a6 Kc8 53.
d6 Kd7 54. a7 Kc6 55. a8=Q Kb5 56. Qa5+ Kc4 57. Qc5+ Kb3 58. Kd3 Ka2 59. Kc2
Ka1 60. Qa3# 1-0

[Event "DEM U10/U10w 2003"]
[Site "Willingen GER"]
[Date "2003.06.12"]
[Round "8"]
[White "Graf, Felix"]
[Black "Endreß, Anna"]
[Result "1-0"]
[Termination "normal"]
[Board "5"]
[WhiteElo "1805"]
[BlackElo "1573"]
[PlyCount "137"]
[WhiteFideId "24608904"]
[BlackFideId "24629472"]
[EventCountry "GER"]
[EventRounds "11"]
[EventType "swiss"]
[EventDate "2003.06.07"]

1. d4 Nf6 2. Nf3 c5 3. c3 e6 4. Bg5 Nc6 5. e3 cxd4 6. exd4 Be7 7. Nbd2 O-O 8.
Bd3 h6 9. Bh4 a6 10. O-O b5 11. Ne5 Bb7 12. f4 d6 13. Nxc6 Bxc6 14. Bxf6 Bxf6
15. Ne4 Bxe4 16. Bxe4 d5 17. Bd3 Qb6 18. Kh1 Rac8 19. g4 b4 20. Rc1 Rc7 21. Rg1
bxc3 22. bxc3 g6 23. f5 Bg5 24. Rc2 exf5 25. gxf5 Rc6 26. Qf3 Rd6 27. Rcg2 Re8
28. fxg6 fxg6 29. Rf1 Qc7 30. h4 Bxh4 31. Bxg6 Red8 32. Bf7+ Kh8 33. Rfg1 Qc8
34. Rg8+ Rxg8 35. Rxg8+ Qxg8 36. Bxg8 Kxg8 37. Qf4 Be7 38. Qf5 Kg7 39. Kh2 Kg8
40. Kh3 Kg7 41. Qe5+ Kf8 42. Kg4 Rg6+ 43. Kf3 Rf6+ 44. Ke2 Rd6 45. Kd3 Kf7 46.
Qh5+ Kf8 47. Kc2 Bg5 48. Kb3 Be7 49. Qf5+ Kg7 50. Qc8 Rb6+ 51. Kc2 Rd6 52. Qe8
Bf8 53. Kd3 Kg8 54. c4 dxc4+ 55. Kxc4 Rf6 56. Kd5 Rb6 57. Ke5 h5 58. Qxh5 Rb5+
59. d5 Bg7+ 60. Kd6 Bf8+ 61. Kc6 Rc5+ 62. Kb6 a5 63. Qg6+ Kh8 64. Qf7 Rc8 65.
Kb7 Rc1 66. Qxf8+ Kh7 67. d6 Rb1+ 68. Ka6 Ra1 69. Qf7+ 1-0

[Event "DEM U10/U10w 2003"]
[Site "Willingen GER"]
[Date "2003.06.12"]
[Round "8"]
[White "Schäfer, Alexander"]
[Black "Zivkovic, Djordje"]
[Result "1-0"]
[Termination "normal"]
[Board "6"]
[WhiteElo "1646"]
[BlackElo "1259"]
[PlyCount "59"]
[WhiteFideId "24615196"]
[EventCountry "GER"]
[EventRounds "11"]
[EventType "swiss"]
[EventDate "2003.06.07"]

1. d4 e6 2. c4 d5 3. Nc3 Nf6 4. Nf3 Nbd7 5. cxd5 exd5 6. Bg5 Be7 7. e3 b6 8.
Bd3 Bb7 9. Qc2 c5 10. O-O Rc8 11. Bf5 cxd4 12. exd4 Ne4 13. Bxe7 Qxe7 14. Rfe1
Rc7 15. Qb3 Ndf6 16. Nb5 Rc4 17. Bxe4 Rb4 18. Bxd5 Rxb3 19. Rxe7+ Kxe7 20. Bxb3
a6 21. Re1+ Kd7 22. Ne5+ Kc8 23. Nd6+ Kb8 24. Nexf7 Rf8 25. Nxb7 Kxb7 26. Re7+
Kc6 27. Ne5+ Kb5 28. Rc7 Rd8 29. Rc4 Ka5 30. Nc6+ 1-0

[Event "DEM U10/U10w 2003"]
[Site "Willingen GER"]
[Date "2003.06.12"]
[Round "8"]
[White "Grimm, Pascal"]
[Black "Huhnstock, Rico"]
[Result "1/2-1/2"]
[Termination "normal"]
[Board "7"]
[WhiteElo "1246"]
[BlackElo "1311"]
[PlyCount "53"]
[WhiteFideId "24620122"]
[BlackFideId "24642932"]
[EventCountry "GER"]
[EventRounds "11"]
[EventType "swiss"]
[EventDate "2003.06.07"]

1. d4 Nf6 2. c4 g6 3. Nc3 Bg7 4. Bf4 d6 5. Nf3 O-O 6. Qd2 Bg4 7. Bh6 Nbd7 8.
Bxg7 Kxg7 9. e3 c5 10. Be2 Rb8 11. h3 Bxf3 12. Bxf3 a6 13. O-O Qc7 14. b3 b5
15. Be2 b4 16. Na4 Nb6 17. Nxb6 Qxb6 18. Bf3 Rfd8 19. Rfd1 Rbc8 20. Qb2 Kg8 21.
Rac1 a5 22. Rd2 Qa6 23. Rcd1 a4 24. Ra1 a3 25. Qc2 Qb6 26. Rad1 Qa5 27. Kh1
1/2-1/2

[Event "DEM U10/U10w 2003"]
[Site "Willingen GER"]
[Date "2003.06.12"]
[Round "8"]
[White "Rafayevych, Wilen"]
[Black "Höfer, Michael"]
[Result "1/2-1/2"]
[Termination "normal"]
[Board "8"]
[WhiteElo "1301"]
[BlackElo "1003"]
[PlyCount "92"]
[BlackFideId "24668850"]
[EventCountry "GER"]
[EventRounds "11"]
[EventType "swiss"]
[EventDate "2003.06.07"]

1. d4 d5 2. c4 e6 3. Nc3 Nf6 4. Bg5 Nbd7 5. Nf3 c6 6. e3 Be7 7. cxd5 cxd5 8.
Bd3 O-O 9. Qc2 Nb6 10. O-O h6 11. Bf4 Bd7 12. Rfc1 Rc8 13. Qd2 Bc6 14. Rab1 Bd6
15. Bxd6 Qxd6 16. Ne5 Nfd7 17. Nxd7 Qxd7 18. b4 Qe7 19. b5 Be8 20. a4 Nd7 21.
e4 a6 22. bxa6 bxa6 23. Bxa6 Ra8 24. Bb5 Nb6 25. Bxe8 Nc4 26. Bxf7+ Rxf7 27.
Qa2 Qf8 28. exd5 exd5 29. Nxd5 Nd6 30. Rc7 Kh8 31. f3 Ne4 32. Rxf7 Qxf7 33.
fxe4 Rf8 34. a5 Qa7 35. Nb6 Qe7 36. e5 Qh4 37. Qb2 Qe4 38. a6 Qe3+ 39. Kh1 Qd3
40. h3 Rf1+ 41. Rxf1 Qxf1+ 42. Kh2 Qxa6 43. Nd7 Qd3 44. Qb8+ Kh7 45. Nf8+ Kg8
46. Ne6+ Kh7 1/2-1/2

[Event "DEM U10/U10w 2003"]
[Site "Willingen GER"]
[Date "2003.06.12"]
[Round "8"]
[White "Schmitt, Philipp"]
[Black "Orhan, Eda"]
[Result "1-0"]
[Termination "normal"]
[Board "9"]
[WhiteElo "1458"]
[BlackElo "1222"]
[PlyCount "51"]
[WhiteFideId "24641766"]
[BlackFideId "24659258"]
[EventCountry "GER"]
[EventRounds "11"]
[EventType "swiss"]
[EventDate "2003.06.07"]

1. d4 d5 2. Nf3 Nf6 3. e3 c6 4. Bd3 e6 5. O-O Bd6 6. Nbd2 Nbd7 7. e4 dxe4 8.
Nxe4 Nxe4 9. Bxe4 Nf6 10. Bd3 b6 11. Bg5 h6 12. Bh4 Bb7 13. Re1 c5 14. Bb5+ Kf8
15. dxc5 bxc5 16. Bxf6 gxf6 17. Qe2 Qb6 18. b3 Bxf3 19. Qxf3 Rd8 20. Qxf6 Rh7
21. Rxe6 Qc7 22. h3 Rg7 23. Rae1 Rxg2+ 24. Kxg2 Qb7+ 25. Kg1 Qxb5 26. Qh8# 1-0

[Event "DEM U10/U10w 2003"]
[Site "Willingen GER"]
[Date "2003.06.12"]
[Round "8"]
[White "Lerch, Matthias"]
[Black "Wang, Zhangxian"]
[Result "0-1"]
[Termination "normal"]
[Board "10"]
[WhiteElo "1150"]
[BlackElo "1400"]
[PlyCount "60"]
[WhiteFideId "24662151"]
[EventCountry "GER"]
[EventRounds "11"]
[EventType "swiss"]
[EventDate "2003.06.07"]

1. e4 c6 2. d4 d5 3. exd5 cxd5 4. Bd3 Nf6 5. Nf3 Bg4 6. c3 e6 7. Bf4 Be7 8.
Nbd2 Nc6 9. O-O O-O 10. Qe1 Qb6 11. Rb1 Rac8 12. Ne5 Nxe5 13. Bxe5 Nd7 14. f4
f6 15. Qh4 Bf5 16. Rf3 Rf7 17. Bxf5 exf5 18. Rh3 g6 19. Nf3 fxe5 20. Qh6 e4 21.
Ng5 Bxg5 22. Qxg5 Qf6 23. Qh6 Qa6 24. Re1 Qxa2 25. Ree3 Qb1+ 26. Kf2 Qxb2+ 27.
Kg1 Nf6 28. Reg3 Ng4 29. Qg5 Qf2+ 30. Kh1 Qf1# 0-1